| 000 | 00355nam a2200145Ia 4500 | ||
|---|---|---|---|
| 008 | 230917s9999||||xx |||||||||||||| ||und|| | ||
| 040 |
_e141755 _aMAIN |
||
| 041 | _aEnglish | ||
| 082 | _a658.15 K959F | ||
| 100 | _aKulkarni, P V | ||
| 245 | 0 | _aFinancial Management | |
| 260 |
_aBombay _bHimalaya Publishing House _c1992 |
||
| 300 | _a606 p. | ||
| 942 | _cBK | ||
| 999 |
_c70986 _d70986 |
||